"В ім'я Бога і загального добра". Нижчі верстви населення німецького міста і Реформація (Запис № 348488)

МАРК-запис
000 -Лідер
fixed length control field 00792nam a22002417a 4500
003 - Ідентифікатор контрольного номера
control field UA-OsUOA
001 - Контрольний номер
control field 62398
007 - Фіксоване поле фізичного опису
fixed length control field ta
008 - Елементи даних фіксованої довжини – загальна інформація
fixed length control field 20090825b un ||||| |||| 00| 0 ukr d
090 ## - Локальний шифр розміщення
Класифікаційний індекс УДК 94(430)
Авторський знак (НП) Д93
040 ## - Джерело каталогізації
Агенція оригінальної каталогізації UA-OsUOA
Мова каталогізації ukr
Агенція, яка здійснювала перезапис UA-OsUOA
Агенція, яка здійснювала модифікацію UA-OsUOA
041 ## - Код мови
Код мови тексту/ звукової доріжки чи окремого заголовка (П) ukr
080 ## - Індекс Універсальної десяткової класифікації
Індекс Універсальної десяткової класифікації (УДК) (НП) 94(430)
020 ## - Міжнародний стандартний книжковий номер (ISBN)
Міжнародний стандартний книжковий номер (ISBN) (НП) 5-7763-8952-6
100 ## - Основне введення – ім’я особи
Ім’я особи (НП) Дятлов В. О.
245 ## - Відомості про назву
Назва (НП) "В ім'я Бога і загального добра". Нижчі верстви населення німецького міста і Реформація
Решта назви (НП) монографія
260 ## - Публікація, розповсюдження і т.п. (Вихідні дані)
Місце публікації, розповсюдження і т.п. (П) Чернігів
Ім’я/ наймення видавництва, розповсюджувача і т.п. (П) Сіверянська думка
Дата публікації, розповсюдження і т.п. (П) 1997
300 ## - Фізичний опис
Обсяг 351 с.
650 #7 - Додаткове предметне введення – тематичний термін
Тематичний термін чи географічна назва, як елемент введення (НП) 9 Географія. Біографії. Історія
Джерело заголовка чи терміна UDC
942 ## - Додаткові елементи входу (Коха)
Тип елемента Koha Книги
955 ## - Код типу видання за змістом
Код типу видання за змістом (НП) Наукові видання
Фонди
Стан вилучень Стан втрат Джерело класифікації або схеми стелажів Стан уражень Не для кредиту Код колекції Постійне місце розташування Поточне розміщення Дата придбання Джерело придбання Вартість, звичайна ціна покупки Інвентарний номер Усього замовленно Повний номер виклику Штрих-код Дата останнього перегляду Ціна ефективна від Тип елемента Koha
    Universal Decimal Classification     Колекція Скрипнюка О.В. АБ - Абонемент НБ АБ - Абонемент НБ 04/12/2014 43/2014 20.00 146904   94(430) Д93 146904 06/02/2022 25/08/2009 Книги
    Universal Decimal Classification     Колекція Ковальського М.П. ЧЗ - Читальна зала ЧЗ - Читальна зала 25/08/2009 115/2009 20.00 122930   94(430) Д93 122930 06/02/2022 25/08/2009 Книги